Alaska and the Klondike : (Record no. 793246)

MARC details
000 -LEADER
fixed length control field 00823nam a2200265 a 4500
001 - CONTROL NUMBER
control field vtls000968945
003 - CONTROL NUMBER IDENTIFIER
control field NLI
005 - DATE AND TIME OF LATEST TRANSACTION
control field 20210627095152.0
008 - FIXED-LENGTH DATA ELEMENTS--GENERAL INFORMATION
fixed length control field 120112s1899 enkab 001 0 eng
039 #9 - LEVEL OF BIBLIOGRAPHIC CONTROL AND CODING DETAIL [OBSOLETE]
-- 201201121806
-- Entertech_02
040 0# - CATALOGING SOURCE
Original cataloging agency NLI
Language of cataloging eng
Transcribing agency Entertech-FY 2010
Description conventions AACR2
041 0# - LANGUAGE CODE
Language code of text/sound track or separate title eng
044 ## - COUNTRY OF PUBLISHING/PRODUCING ENTITY CODE
MARC country code enk
084 ## - OTHER CLASSIFICATION NUMBER
Classification number 98.D.1
100 1# - MAIN ENTRY--PERSONAL NAME
Personal name Heilprin, Angelo,
Dates associated with a name 1853-1907
9 (RLIN) 909679
245 10 - TITLE STATEMENT
Title Alaska and the Klondike :
Remainder of title a journey to the new eldorado with hints to the traveller /
-- ngelo Heilprin
260 ## - PUBLICATION, DISTRIBUTION, ETC.
Place of publication, distribution, etc. London :
Name of publisher, distributor, etc. C. Arthur pearson,
Date of publication, distribution, etc. 1899
300 ## - PHYSICAL DESCRIPTION
Extent x, 315 p. :
Other physical details ill, map ;
Dimensions 19 cm.
500 ## - GENERAL NOTE
General note Index present
651 #0 - SUBJECT ADDED ENTRY--GEOGRAPHIC NAME
Geographic name Alaska
General subdivision Description and travel
9 (RLIN) 699401
887 ## - NON-MARC INFORMATION FIELD
Content of non-MARC field
901 ## - LOCAL DATA ELEMENT A, LDA (RLIN)
a IMP54863 :
b 18.08.2010
902 ## - LOCAL DATA ELEMENT B, LDB (RLIN)
a 98.D.1
942 ## - ADDED ENTRY ELEMENTS (KOHA)
Source of classification or shelving scheme Dewey Decimal Classification
Koha item type Books
Holdings
Withdrawn status Lost status Damaged status Not for loan Home library Current library Date acquired Total Checkouts Full call number Date last seen Price effective from Koha item type
        National Library of India National Library of India     98.D.1 27/06/2021 27/06/2021 Books
                                                                           
web counter

Copyright ©2020 The National Library of India, Govt. of India ↔ Hosted by NVLI, MOC ↔ Technology and Design by National Library of India, Ministry of Culture, Govt. of India